Morale cristiana e culture /

Đã lưu trong:
Chi tiết về thư mục
Tác giả chính: Quarello, Eraldo (autor)
Định dạng: Sách
Ngôn ngữ:Tiếng Italy
Được phát hành: Roma, Italia : Libreria Ateneo Salesiano, 1979, c1979
Các nhãn: Thêm thẻ
Không có thẻ, Là người đầu tiên thẻ bản ghi này!

MARC

LEADER 00000nam^a2200000^a^4500
001 000622961
005 20260220000000.0
009 20260310133928.965
020 |a 88-213-0005-6 
037 |a Acervo Xavier Clavigero 
041 |a ITA 
091 |a FHG. 00153 
100 |a Quarello, Eraldo  |e (autor) 
245 1 0 |a Morale cristiana e culture / 
264 4 |a Roma, Italia :  |b Libreria Ateneo Salesiano,  |c 1979, c1979 
300 |a 140 p. 
336 |a texto  |b txt  |2 rdacontenido 
337 |a sin mediación  |b n  |2 rdamedio 
338 |a volumen  |b nc  |2 rdasoporte 
649 |a XX 
910 |a Fondo Humberto García Bedoy S.J. 
920 |a Impresos - Libros 
930 |a Fondos Especiales 
905 |a 148 
901 |a 622961-10  |b IT2  |c ESP  |i D  |u 20251023 
902 |a https://opac.biblio.iteso.mx/vufind/Record/000622961